[Event "2nd BEHIN BAZAFARIN-Tehran"]
[Site "Tehran"]
[Date "2014.11.17"]
[Round "3.15"]
[White "Najafiyan Pour, Mahyar"]
[Black "Darban, Morteza"]
[Result "0-1"]
[WhiteElo "2052"]
[BlackElo "2335"]
[Annotator "www.Chessboard.ir"]
[PlyCount "90"]
[EventDate "2014.??.??"]
[EventRounds "2"]
[EventCountry "IRI"]

1. d4 Nf6 2. Nf3 d6 3. c4 g6 4. Nc3 Bg7 5. e4 O-O 6. h3 c6 7. Be3 Nbd7 8. Rc1
Nh5 9. Nh2 e5 10. d5 c5 11. g3 a6 12. Be2 Ndf6 13. Ng4 Kh8 14. Nh6 b5 15. cxb5
axb5 16. Bxb5 Rb8 17. a4 Bd7 18. Qf3 Bxb5 19. axb5 Qd7 20. Ng4 Ne8 21. Bd2 Nc7
22. Ne3 Nxb5 23. Nxb5 Rxb5 24. Nc4 Nf6 25. Kf1 Ne8 26. Kg2 f5 27. exf5 gxf5 28.
Bc3 Nc7 29. Rhd1 Rb7 30. Ra1 Nb5 31. Ra6 Qe7 32. Qe2 Nd4 33. Bxd4 cxd4 34. Na5
Rd7 35. Nc6 Qf7 36. Ra5 Rb7 37. b4 f4 38. Rd3 Qg6 39. Qd2 e4 40. Rxd4 e3 41.
Qe1 fxg3 42. f3 Qc2+ 43. Kxg3 Bxd4 44. Nxd4 Rg7+ 45. Kh4 Rf4+ 0-1

[Event "2nd BEHIN BAZAFARIN-Tehran"]
[Site "Tehran"]
[Date "2014.11.17"]
[Round "3.16"]
[White "Firouzja, Alireza"]
[Black "Mohammadpour, Afshin"]
[Result "1-0"]
[WhiteElo "2332"]
[BlackElo "2034"]
[Annotator "www.Chessboard.ir"]
[PlyCount "67"]
[EventDate "2014.??.??"]
[EventRounds "2"]
[EventCountry "IRI"]

1. e4 c5 2. Nf3 Nc6 3. d4 cxd4 4. Nxd4 g6 5. c4 Bg7 6. Be3 Nf6 7. Nc3 Ng4 8.
Qxg4 Nxd4 9. Qd1 Ne6 10. Qd2 Qa5 11. Rb1 Bxc3 12. bxc3 b6 13. Be2 Ba6 14. O-O
Rc8 15. f4 f6 16. Rb4 Nc5 17. Qc2 Bb7 18. Bf3 Bc6 19. Bd4 Ne6 20. Qd2 Rg8 21.
Bf2 g5 22. f5 g4 23. Be2 Ng5 24. Qf4 h5 25. c5 bxc5 26. Rb8 Rxb8 27. Qxb8+ Kf7
28. Qb3+ Kg7 29. e5 Ne4 30. Be3 Qxc3 31. Bh6+ Kxh6 32. Qxg8 Qe3+ 33. Kh1 Qxe2
34. Qg6# 1-0

[Event "2nd BEHIN BAZAFARIN-Tehran"]
[Site "Tehran"]
[Date "2014.11.17"]
[Round "3.17"]
[White "Khorshidi, Mohammadreza"]
[Black "Ardeshi, Mehrdad"]
[Result "0-1"]
[WhiteElo "2031"]
[BlackElo "2321"]
[Annotator "www.Chessboard.ir"]
[PlyCount "146"]
[EventDate "2014.??.??"]
[EventRounds "2"]
[EventCountry "IRI"]

1. e4 {[%emt 0:00:00]} Nf6 2. e5 Nd5 3. c4 Nb6 4. c5 Nd5 5. Bc4 e6 6. d4 d6 7.
cxd6 cxd6 8. exd6 Qxd6 9. Nf3 Nc6 10. O-O Be7 11. Nc3 O-O 12. Ne4 Qd8 13. a3 b6
14. Qe2 Bb7 15. Rd1 Rc8 16. Ba2 Re8 17. h4 h6 18. h5 Bf8 19. Qd3 Qc7 20. Bb1 f5
21. Ng3 Bd6 22. Nxf5 exf5 23. Qxf5 Nf6 24. Ba2+ Kh8 25. Bxh6 gxh6 26. Qxf6+ Qg7
27. Qxd6 Ne5 28. dxe5 Bxf3 29. Qf6 Bxd1 30. Rxd1 Rxe5 31. Rd8+ Re8 32. Qxg7+
Kxg7 33. Rd7+ Kf6 34. Rxa7 Rc2 35. Bd5 Rxb2 36. Rf7+ Ke5 37. Bc6 Rc8 38. Bd7
Ra2 39. Kh2 Rc7 40. Rf5+ Kd6 41. Be8 Rcc2 42. Kg1 Rc1+ 43. Kh2 Re1 44. Bg6 Ree2
45. Rf6+ Ke5 46. Rf5+ Ke6 47. Kg1 Rab2 48. a4 Re1+ 49. Kh2 Rb4 50. Rf3 Re5 51.
Bf7+ Ke7 52. Bg6 Rh4+ 53. Kg3 Rxa4 54. Rf7+ Ke6 55. f4 Re3+ 56. Kf2 Rc3 57. f5+
Ke5 58. Re7+ Kf4 59. f6 Ra2+ 60. Re2 Rxe2+ 61. Kxe2 Kg5 62. f7 Rc8 63. Be4 Kxh5
64. Bc6 Kg6 65. Be8 Kg7 66. Kd3 Kf8 67. Ba4 Kxf7 68. Kd4 Rc5 69. Bd1 Kf6 70.
Bf3 Kg5 71. Bb7 Kf4 72. Bf3 Kg3 73. Be4 h5 0-1

[Event "2nd BEHIN BAZAFARIN-Tehran"]
[Site "Tehran"]
[Date "2014.11.17"]
[Round "3.18"]
[White "Khaghani, Babak"]
[Black "Rafiei, Akbar"]
[Result "1-0"]
[WhiteElo "2320"]
[BlackElo "2026"]
[Annotator "www.Chessboard.ir"]
[PlyCount "91"]
[EventDate "2014.??.??"]
[EventRounds "2"]
[EventCountry "IRI"]

1. d4 d5 2. c4 c6 3. Nf3 Nf6 4. e3 e6 5. Bd3 Be7 6. O-O O-O 7. Nbd2 Nbd7 8. e4
dxe4 9. Nxe4 c5 10. Nxc5 Nxc5 11. dxc5 Bxc5 12. Qe2 h6 13. b3 a5 14. Bb2 Qe7
15. Rad1 Re8 16. Ne5 Nh7 17. Qh5 Nf6 18. Qf3 Ra6 19. Rfe1 Rd6 20. Ng4 Nxg4 21.
Qxg4 e5 22. Qg3 f6 23. Bc3 e4 24. Bxa5 b6 25. Bc3 Bf5 26. b4 Bd4 27. Bf1 Bxc3
28. Qxc3 Red8 29. Rxd6 Qxd6 30. c5 bxc5 31. bxc5 Qc6 32. Qb4 Rc8 33. Rc1 Bd7
34. Qd4 f5 35. Bc4+ Kh8 36. Bb3 f4 37. Bd5 Qc7 38. Qxe4 Rf8 39. Qd4 Bg4 40. Bb3
Rd8 41. Qb4 Rd6 42. Qc4 Rd8 43. c6 Re8 44. Bc2 Be2 45. Qd5 Qc8 46. Qf5 1-0

[Event "2nd BEHIN BAZAFARIN-Tehran"]
[Site "Tehran"]
[Date "2014.11.17"]
[Round "3.19"]
[White "Salar, Milad"]
[Black "Lorparizangeneh, Shahin"]
[Result "1/2-1/2"]
[WhiteElo "2023"]
[BlackElo "2308"]
[Annotator "www.Chessboard.ir"]
[PlyCount "38"]
[EventDate "2014.??.??"]
[EventRounds "2"]
[EventCountry "IRI"]

1. e4 c5 2. Nf3 d6 3. d4 cxd4 4. Nxd4 Nf6 5. Nc3 Nc6 6. f3 e5 7. Nb3 Be6 8. Be3
Be7 9. Qd2 O-O 10. Rd1 a5 11. Bb5 Qc7 12. O-O Nd7 13. Be2 a4 14. Na1 Rfd8 15.
Nb5 Qb8 16. c4 Nc5 17. b4 axb3 18. axb3 Bf6 19. b4 Na6 1/2-1/2

[Event "2nd BEHIN BAZAFARIN-Tehran"]
[Site "Tehran"]
[Date "2014.11.17"]
[Round "3.20"]
[White "Pourghanbarzad Lashtnesha, Arm"]
[Black "Kanzi, Hesamodin"]
[Result "1-0"]
[WhiteElo "2286"]
[BlackElo "2019"]
[Annotator "www.Chessboard.ir"]
[PlyCount "83"]
[EventDate "2014.??.??"]
[EventRounds "2"]
[EventCountry "IRI"]

1. b3 Nf6 2. Bb2 g6 3. Nf3 Bg7 4. e3 O-O 5. d4 d5 6. Bd3 c6 7. Nbd2 b6 8. O-O
Nbd7 9. c4 e6 10. Rc1 Bb7 11. Qe2 dxc4 12. Nxc4 c5 13. Rfd1 Qb8 14. dxc5 Nxc5
15. Be5 Bxf3 16. Qxf3 Qb7 17. Be2 Qxf3 18. Bxf3 Rac8 19. Nd6 Rcd8 20. b4 Na6
21. a3 Nd5 22. Bxg7 Kxg7 23. Nb5 Naxb4 24. axb4 Nxb4 25. Nxa7 Nd3 26. Rb1 Ne5
27. Be2 Rxd1+ 28. Rxd1 Ra8 29. Nb5 Ra2 30. Nd4 Kf6 31. h3 Nd7 32. Bc4 Ra7 33.
Nb5 Rb7 34. Nd6 Ra7 35. Bb5 Nc5 36. Nc4 Ra2 37. Nxb6 Rb2 38. Nd7+ Nxd7 39. Bxd7
Ke7 40. Bc6 g5 41. Rd7+ Kf6 42. Rb7 1-0

[Event "2nd BEHIN BAZAFARIN-Tehran"]
[Site "Tehran"]
[Date "2014.11.18"]
[Round "4.1"]
[White "Darban, Morteza"]
[Black "Korneev, Oleg"]
[Result "1/2-1/2"]
[WhiteElo "2335"]
[BlackElo "2588"]
[Annotator "www.Chessboard.ir"]
[PlyCount "99"]
[EventDate "2014.??.??"]
[EventRounds "2"]
[EventCountry "IRI"]
[WhiteClock "0:26:13"]
[BlackClock "0:34:05"]

1. e4 c5 2. Nf3 e6 3. g3 Nc6 4. Bg2 Nf6 5. d3 d6 6. O-O Be7 7. Re1 O-O 8. c3
Bd7 9. Nbd2 Rc8 10. a3 b5 11. d4 cxd4 12. cxd4 Qb6 13. Nb3 d5 14. e5 Ne4 15.
Be3 b4 16. a4 Na5 17. Nxa5 Qxa5 18. Bf1 Bc6 19. Nd2 Nxd2 20. Qxd2 Bb7 21. Rec1
Ba6 22. Bb5 Rxc1+ 23. Qxc1 Rc8 24. Qf1 Bxb5 25. Qxb5 Qd8 26. Rc1 Rxc1+ 27. Bxc1
Qc8 28. Bd2 a6 29. Qb6 h6 30. Bxb4 Qc1+ 31. Kg2 Qxb2 32. Bc5 Qxb6 33. Bxb6 h5
34. h3 f5 35. f3 Kf7 36. Ba5 Ba3 37. Bc3 Bc1 38. Kf2 Kg6 39. h4 f4 40. g4 Be3+
41. Kg2 Kh6 42. g5+ Kg6 43. Kf1 Kf7 44. Kg2 g6 45. Kf1 Ke8 46. Kg2 Kd7 47. Kf1
Kc6 48. Kg2 Kb7 49. Kf1 Kb6 50. Kg2 1/2-1/2

[Event "2nd BEHIN BAZAFARIN-Tehran"]
[Site "Tehran"]
[Date "2014.11.18"]
[Round "4.2"]
[White "Ghaem Maghami, Ehsan"]
[Black "Firouzja, Alireza"]
[Result "1-0"]
[WhiteElo "2559"]
[BlackElo "2332"]
[Annotator "www.Chessboard.ir"]
[PlyCount "49"]
[EventDate "2014.??.??"]
[EventRounds "2"]
[EventCountry "IRI"]
[WhiteClock "0:42:22"]
[BlackClock "0:29:54"]

1. d4 Nf6 2. c4 g6 3. Nc3 Bg7 4. g3 O-O 5. Bg2 d6 6. e3 c6 7. Nge2 e5 8. h3 Qe7
9. b3 h5 10. O-O e4 11. Nf4 Re8 12. f3 exf3 13. Qxf3 Nh7 14. Qf2 Nd7 15. e4 Qf6
16. Be3 Ndf8 17. Rad1 Ne6 18. e5 Qd8 19. exd6 Nhg5 20. Nfe2 f5 21. d5 cxd5 22.
Nxd5 Nf7 23. Ne7+ Rxe7 24. dxe7 Qxe7 25. Nf4 1-0

[Event "2nd BEHIN BAZAFARIN-Tehran"]
[Site "Tehran"]
[Date "2014.11.18"]
[Round "4.3"]
[White "Ardeshi, Mehrdad"]
[Black "Malakhatko, Vadim"]
[Result "1/2-1/2"]
[WhiteElo "2321"]
[BlackElo "2533"]
[Annotator "www.Chessboard.ir"]
[PlyCount "45"]
[EventDate "2014.??.??"]
[EventRounds "2"]
[EventCountry "IRI"]
[WhiteClock "0:36:16"]
[BlackClock "1:04:41"]

1. d4 Nf6 2. c4 e6 3. Nf3 d5 4. Nc3 c6 5. Bg5 Nbd7 6. cxd5 exd5 7. Qc2 Be7 8.
e3 Nh5 9. Bxe7 Qxe7 10. O-O-O Ndf6 11. h3 g6 12. Bd3 Ng7 13. g4 Be6 14. Ne5 Nd7
15. f4 Nxe5 16. dxe5 f5 17. exf6 Qxf6 18. Rhf1 O-O-O 19. e4 dxe4 20. Nxe4 Qf7
21. Ng5 Qf6 22. Ne4 Qf7 23. Ng5 1/2-1/2

[Event "2nd BEHIN BAZAFARIN-Tehran"]
[Site "Tehran"]
[Date "2014.11.18"]
[Round "4.4"]
[White "Alavi, Sayed Javad"]
[Black "Khaghani, Babak"]
[Result "1/2-1/2"]
[WhiteElo "2458"]
[BlackElo "2320"]
[Annotator "www.Chessboard.ir"]
[PlyCount "100"]
[EventDate "2014.??.??"]
[EventRounds "2"]
[EventCountry "IRI"]
[WhiteClock "0:11:27"]
[BlackClock "0:00:43"]

1. d4 d5 2. c4 c6 3. Nf3 Nf6 4. e3 e6 5. Nc3 Nbd7 6. Qc2 Bd6 7. Bd3 O-O 8. O-O
Qe7 9. c5 Bc7 10. e4 dxe4 11. Nxe4 Nxe4 12. Bxe4 h6 13. Bd2 e5 14. Rfe1 Nf6 15.
dxe5 Nxe4 16. Qxe4 Be6 17. Nd4 Qxc5 18. Bxh6 Rfe8 19. Bf4 Bd5 20. Qe3 Bb6 21.
Rad1 Qb4 22. a3 Qxb2 23. Rd2 Bxd4 24. Rxd4 Qc2 25. h4 b6 26. h5 Re6 27. Qh3
Rae8 28. Qg4 Kh7 29. Rd2 Qc3 30. Qf5+ Kg8 31. Kh2 Qxa3 32. Re3 Qe7 33. Rde2 a5
34. Rg3 Kh8 35. Ree3 Qh4+ 36. Kg1 Qe7 37. Rxg7 Kxg7 38. Rg3+ Kh8 39. Bg5 f6 40.
Bxf6+ Rxf6 41. exf6 Qh7 42. Rg6 Bf7 43. g4 a4 44. Qg5 Bxg6 45. hxg6 Re1+ 46.
Kg2 Qh1+ 47. Kg3 Qg1+ 48. Kf3 Qh1+ 49. Kg3 Qg1+ 50. Kf3 Qh1+ 1/2-1/2

[Event "2nd BEHIN BAZAFARIN-Tehran"]
[Site "Tehran"]
[Date "2014.11.18"]
[Round "4.5"]
[White "Pourghanbarzad Lashtnesha, Arm"]
[Black "Harutjunyan, Gevorg"]
[Result "0-1"]
[WhiteElo "2286"]
[BlackElo "2451"]
[Annotator "www.Chessboard.ir"]
[PlyCount "70"]
[EventDate "2014.??.??"]
[EventRounds "2"]
[EventCountry "IRI"]
[WhiteClock "0:08:30"]
[BlackClock "0:32:16"]

1. e4 c6 2. d4 d5 3. Nc3 dxe4 4. Nxe4 Bf5 5. Ng3 Bg6 6. h4 h6 7. f4 e6 8. Nf3
Nd7 9. h5 Bh7 10. Bd3 Bxd3 11. Qxd3 Bb4+ 12. Bd2 Bxd2+ 13. Qxd2 Ngf6 14. O-O-O
Qc7 15. Ne5 Rd8 16. Qe2 O-O 17. Ne4 c5 18. Nxf6+ Nxf6 19. dxc5 Qxc5 20. g4 Nd5
21. Nd3 Qc4 22. Qe5 Qxa2 23. g5 Nb6 24. b3 Rd5 25. Qe2 Rfd8 26. g6 Qa3+ 27. Kd2
Rxd3+ 28. cxd3 Qb4+ 29. Ke3 Nd5+ 30. Kf2 Qd4+ 31. Kg3 Qxf4+ 32. Kh3 Nc3 33. Qf1
Qe3+ 34. Kg2 Qg5+ 35. Kf2 fxg6 0-1

[Event "2nd BEHIN BAZAFARIN-Tehran"]
[Site "Tehran"]
[Date "2014.11.18"]
[Round "4.6"]
[White "Dalir, Alireza"]
[Black "Pourramezanali, Amirreza"]
[Result "0-1"]
[WhiteElo "2271"]
[BlackElo "2414"]
[Annotator "www.Chessboard.ir"]
[PlyCount "22"]
[EventDate "2014.??.??"]
[EventRounds "2"]
[EventCountry "IRI"]
[WhiteClock "0:49:30"]
[BlackClock "0:56:02"]

1. c4 e6 2. g3 d5 3. Bg2 Nf6 4. Nf3 dxc4 5. O-O a6 6. a4 Nc6 7. Na3 Na5 8. Qc2
Qd5 9. Ne1 Qc5 10. d3 Nb3 11. Be3 Nxa1 0-1

[Event "2nd BEHIN BAZAFARIN-Tehran"]
[Site "Tehran"]
[Date "2014.11.18"]
[Round "4.7"]
[White "Mahjoob, Morteza"]
[Black "Mashmooli, Kian"]
[Result "1/2-1/2"]
[WhiteElo "2412"]
[BlackElo "2199"]
[Annotator "www.Chessboard.ir"]
[PlyCount "109"]
[EventDate "2014.??.??"]
[EventRounds "2"]
[EventCountry "IRI"]
[WhiteClock "0:02:53"]
[BlackClock "0:19:44"]

1. Nf3 Nf6 2. c4 e6 3. g3 b6 4. Bg2 Ba6 5. d3 Bb4+ 6. Nc3 Bb7 7. O-O Bxc3 8.
bxc3 d6 9. e4 Nbd7 10. Nd4 O-O 11. f4 c5 12. Nc2 a6 13. g4 b5 14. g5 Ne8 15.
cxb5 axb5 16. Ne3 f5 17. exf5 Bxg2 18. Kxg2 exf5 19. Qb3+ Rf7 20. Qxb5 Nc7 21.
Qb3 Ra6 22. Qb7 Rb6 23. Qf3 Nf8 24. Nc4 Ng6 25. Kg3 Ra6 26. Re1 Re7 27. Rxe7
Qxe7 28. Bd2 d5 29. Ne3 Qd7 30. a4 d4 31. Nc4 Nb5 32. Rb1 Nxc3 33. Rb8+ Nf8 34.
Ne5 Qc7 35. Ra8 Ne4+ 36. dxe4 Rxa8 37. exf5 Rd8 38. Qd3 Qb7 39. Ba5 Rd6 40. Bc7
Qxc7 41. Qc4+ Ne6 42. fxe6 Kf8 43. g6 h6 44. Qd3 Ke8 45. Qf5 Qe7 46. Qf7+ Kd8
47. f5 Qg5+ 48. Ng4 h5 49. h3 hxg4 50. Qf8+ Kc7 51. e7 gxh3+ 52. Kxh3 Qe3+ 53.
Kh4 Qf4+ 54. Kh3 Qf3+ 55. Kh4 1/2-1/2

[Event "2nd BEHIN BAZAFARIN-Tehran"]
[Site "Tehran"]
[Date "2014.11.18"]
[Round "4.8"]
[White "Al-Ali, Hussein Ali Hussein"]
[Black "Javanbakht, Nima"]
[Result "0-1"]
[WhiteElo "2252"]
[BlackElo "2379"]
[Annotator "www.Chessboard.ir"]
[PlyCount "116"]
[EventDate "2014.??.??"]
[EventRounds "2"]
[EventCountry "IRI"]
[WhiteClock "0:57:06"]
[BlackClock "0:31:50"]

1. Nf3 c5 2. g3 d5 3. Bg2 Nc6 4. d4 Nf6 5. O-O Bg4 6. Ne5 cxd4 7. Nxg4 Nxg4 8.
e3 Nf6 9. exd4 e6 10. c3 Bd6 11. Nd2 O-O 12. Re1 b5 13. a3 a5 14. Nf3 Qc7 15.
Qe2 b4 16. c4 dxc4 17. Qxc4 Rac8 18. Qa6 Nd5 19. Bd2 Qb6 20. Qd3 Be7 21. Rad1
Rfd8 22. a4 Bf6 23. Bc1 Nde7 24. Ng5 Nf5 25. d5 Ne5 26. Rxe5 Bxe5 27. g4 Qd4
28. Qf3 Rxc1 29. Rxc1 Qd2 30. Rd1 Qxg5 31. gxf5 exf5 32. b3 g6 33. h3 Bd6 34.
Qe2 Rc8 35. Qa6 Qd8 36. Qe2 Qf6 37. Rd3 Rc1+ 38. Rd1 Rc3 39. Rd3 Kg7 40. Rxc3
bxc3 41. Kf1 Qd4 42. Bf3 Bc5 43. Ke1 h5 44. Qc2 h4 45. Kf1 Qxf2+ 46. Qxf2 Bxf2
47. Ke2 Bc5 48. Kd3 Bb4 49. d6 Kf6 50. d7 Ke7 51. Bd5 Kxd7 52. Bxf7 g5 53. Bh5
Ke6 54. Bd1 Ke5 55. Ke3 g4 56. Kf2 Kf4 57. Bc2 g3+ 58. Kg2 Ke3 0-1

[Event "2nd BEHIN BAZAFARIN-Tehran"]
[Site "Tehran"]
[Date "2014.11.18"]
[Round "4.9"]
[White "Tabatabaei, M.Amin"]
[Black "Razaghi, Behrooz"]
[Result "1/2-1/2"]
[WhiteElo "2353"]
[BlackElo "2176"]
[Annotator "www.Chessboard.ir"]
[PlyCount "174"]
[EventDate "2014.??.??"]
[EventRounds "2"]
[EventCountry "IRI"]
[WhiteClock "0:02:25"]
[BlackClock "0:03:32"]

1. d4 d5 2. c4 c6 3. Nc3 Nf6 4. cxd5 cxd5 5. Bf4 Nc6 6. e3 a6 7. Bd3 Bg4 8.
Nge2 e6 9. O-O Bd6 10. Bxd6 Bxe2 11. Bxe2 Qxd6 12. Na4 e5 13. dxe5 Nxe5 14. Rc1
O-O 15. Nc5 b5 16. Nb3 Rac8 17. Nd4 g6 18. Nf3 Rfd8 19. Qd4 Nxf3+ 20. Bxf3 Rc4
21. Qd3 Qc5 22. Rcd1 Rc2 23. Rd2 Rxd2 24. Qxd2 d4 25. exd4 Rxd4 26. Qe2 a5 27.
g3 Kg7 28. Re1 Qb4 29. a3 Qb3 30. Kg2 b4 31. Ra1 h6 32. axb4 Qxb4 33. b3 Qc3
34. Ra2 Rd3 35. Ba8 Rd8 36. Qf3 Qc7 37. Re2 Qa7 38. Bc6 Rd6 39. Bb5 Rd5 40. Bc4
Rf5 41. Qe3 Qxe3 42. Rxe3 Ng4 43. Re2 Re5 44. Rd2 Rc5 45. Be2 Nf6 46. Rd8 Rc3
47. Rb8 Ne4 48. Bf3 Nd6 49. Rb6 Rd3 50. Be2 Rd2 51. Kf1 Ne4 52. f3 Nd6 53. Ke1
Rd4 54. Kf2 Kf8 55. Ra6 Rd5 56. Ke3 Re5+ 57. Kd3 Ke7 58. f4 Rd5+ 59. Kc2 Rc5+
60. Kb2 Rd5 61. Kc3 Rc5+ 62. Bc4 h5 63. Kd4 Rf5 64. Bd3 Nb5+ 65. Ke3 Nc7 66.
Rc6 Nd5+ 67. Kd4 Nb4 68. Bxf5 Nxc6+ 69. Kc5 Nb4 70. Bb1 Kd7 71. f5 g5 72. Be4
Na2 73. Bc6+ Kc7 74. f6 Nc3 75. Bd5 a4 76. Bxf7 axb3 77. Bxb3 Ne4+ 78. Kd5
Nxf6+ 79. Ke6 Ng4 80. h3 Ne3 81. Kf6 g4 82. hxg4 hxg4 83. Kg5 Kd6 84. Bd1 Nxd1
85. Kxg4 Ke5 86. Kh5 Ne3 87. g4 Nxg4 1/2-1/2

[Event "2nd BEHIN BAZAFARIN-Tehran"]
[Site "Tehran"]
[Date "2014.11.18"]
[Round "4.10"]
[White "Khademi, Mohammad Miran"]
[Black "Mosadeghpour, Masoud"]
[Result "1-0"]
[WhiteElo "2202"]
[BlackElo "2347"]
[Annotator "www.Chessboard.ir"]
[PlyCount "79"]
[EventDate "2014.??.??"]
[EventRounds "2"]
[EventCountry "IRI"]
[WhiteClock "0:42:14"]
[BlackClock "0:00:33"]

1. e4 e5 2. Nf3 Nf6 3. Nxe5 d6 4. Nf3 Nxe4 5. d4 d5 6. Bd3 Nc6 7. h3 Be7 8. O-O
O-O 9. Nbd2 f5 10. c3 Be6 11. Ne5 Nxe5 12. dxe5 c5 13. Nf3 Qe8 14. Qe2 Qf7 15.
Bf4 h6 16. Rad1 g5 17. Bc1 Qg7 18. Rfe1 b5 19. Bb1 Rf7 20. Qxb5 g4 21. hxg4
Qxg4 22. Qc6 Rg7 23. Qxe6+ Kh7 24. Qxh6+ Kg8 25. Qh2 Qxf3 26. Bxe4 fxe4 27. g3
Rh7 28. Qg2 Kg7 29. Bg5 Bxg5 30. Rxd5 Be7 31. Rxe4 Qf5 32. e6 Qg6 33. Rd7 Re8
34. Rxa7 Kh8 35. Rd7 c4 36. Qf3 Rf8 37. Qe3 Qh5 38. Qd4+ Bf6 39. Rxh7+ Kxh7 40.
e7 1-0

[Event "2nd BEHIN BAZAFARIN-Tehran"]
[Site "Tehran"]
[Date "2014.11.18"]
[Round "4.11"]
[White "Amonatov, Farrukh"]
[Black "Mahmoody, M. Sadegh"]
[Result "1-0"]
[WhiteElo "2608"]
[BlackElo "2070"]
[Annotator "www.Chessboard.ir"]
[PlyCount "119"]
[EventDate "2014.??.??"]
[EventRounds "2"]
[EventCountry "IRI"]
[WhiteClock "1:00:17"]
[BlackClock "0:22:31"]

1. e4 d6 2. d4 Nf6 3. Nc3 g6 4. Bg5 Bg7 5. Qd2 h6 6. Bh4 Nbd7 7. O-O-O c5 8.
dxc5 g5 9. Bg3 Nxc5 10. f3 Nh5 11. Bf2 Qa5 12. Bd4 Nf6 13. e5 Nfd7 14. exd6 e5
15. Be3 Rb8 16. Kb1 b5 17. Nd5 Qxd2 18. Rxd2 a6 19. Ne2 f5 20. Nec3 Bb7 21. h4
f4 22. Bf2 Kf7 23. b4 Ne6 24. Bd3 Nd4 25. Be4 Ke6 26. Ne7 Nb6 27. Bxb7 Rxb7 28.
Re1 Kf7 29. Ne4 Nc4 30. Rd3 gxh4 31. c3 Ne6 32. Nf5 Bf6 33. d7 Kg6 34. Nxh4+
Bxh4 35. Bxh4 Rbb8 36. Nc5 Ng5 37. Nxa6 Rbd8 38. Nc7 Rh7 39. Red1 Kf5 40. Nxb5
Ke6 41. Nc7+ Kf5 42. Bf2 Ne3 43. Bxe3 fxe3 44. Nd5 e2 45. Re1 Rhxd7 46. c4 Rc8
47. Rxe2 Rxc4 48. Ne3+ Ke6 49. Nxc4 Rxd3 50. Nxe5 Rd1+ 51. Kc2 Rh1 52. b5 Kd5
53. b6 Ne6 54. b7 Nd4+ 55. Kb2 Nxe2 56. b8=Q Nd4 57. Nd3 Rd1 58. Qb7+ Kc4 59.
Qa6+ Kd5 60. Qa5+ 1-0

[Event "2nd BEHIN BAZAFARIN-Tehran"]
[Site "Tehran"]
[Date "2014.11.18"]
[Round "4.12"]
[White "Khalesi, Vahid"]
[Black "Darini, Pouria"]
[Result "0-1"]
[WhiteElo "2152"]
[BlackElo "2458"]
[Annotator "www.Chessboard.ir"]
[PlyCount "72"]
[EventDate "2014.??.??"]
[EventRounds "2"]
[EventCountry "IRI"]
[WhiteClock "0:00:58"]
[BlackClock "0:03:01"]

1. e4 c5 2. Nf3 d6 3. d4 cxd4 4. Nxd4 Nf6 5. Nc3 a6 6. Bc4 e6 7. f4 d5 8. Bd3
Nc6 9. Nxc6 bxc6 10. e5 Nd7 11. O-O Nc5 12. Be2 Be7 13. Be3 O-O 14. Kh1 Rb8 15.
b3 Nd7 16. Na4 c5 17. c3 Bb7 18. f5 exf5 19. Rxf5 Qc7 20. Bf4 Qc6 21. Bg3 Rbe8
22. c4 dxc4 23. Bf3 Qe6 24. Rxf7 Rxf7 25. Bxb7 Ref8 26. Nc3 Nb6 27. Bxa6 Bh4
28. Bxh4 Qxe5 29. Qe2 Qxc3 30. Rg1 cxb3 31. axb3 Qxb3 32. Bd3 Qd5 33. Be4 Qd4
34. h3 Rf4 35. Bxh7+ Kxh7 36. Be7 R8f5 0-1

[Event "2nd BEHIN BAZAFARIN-Tehran"]
[Site "Tehran"]
[Date "2014.11.19"]
[Round "5.1"]
[White "Pourramezanali, Amirreza"]
[Black "Ghaem Maghami, Ehsan"]
[Result "1/2-1/2"]
[WhiteElo "2414"]
[BlackElo "2559"]
[Annotator "www.Chessboard.ir"]
[PlyCount "61"]
[EventDate "2014.??.??"]
[EventRounds "2"]
[EventCountry "IRI"]
[WhiteClock "0:38:41"]
[BlackClock "0:17:53"]

1. e4 c5 2. c3 Nf6 3. e5 Nd5 4. Nf3 e6 5. d4 cxd4 6. cxd4 d6 7. Bc4 Nb6 8. Bd3
dxe5 9. dxe5 Na6 10. O-O Nc5 11. Be2 Bd7 12. Qd4 Bc6 13. Nc3 Nd5 14. Nxd5 Qxd5
15. Be3 Nd7 16. Rac1 Nb6 17. Rfd1 Qa5 18. Bd2 Qxa2 19. Ra1 Qb3 20. Bg5 Nd7 21.
Rac1 Qb6 22. Qxb6 Nxb6 23. Nd4 Be7 24. Bxe7 Kxe7 25. Nxc6+ bxc6 26. Rxc6 Rac8
27. Rdc1 Rxc6 28. Rxc6 Rb8 29. Rc7+ Nd7 30. f4 Rxb2 31. Bf3 1/2-1/2

[Event "2nd BEHIN BAZAFARIN-Tehran"]
[Site "Tehran"]
[Date "2014.11.19"]
[Round "5.2"]
[White "Harutjunyan, Gevorg"]
[Black "Khademi, Mohammad Miran"]
[Result "1-0"]
[WhiteElo "2451"]
[BlackElo "2202"]
[Annotator "www.Chessboard.ir"]
[PlyCount "89"]
[EventDate "2014.??.??"]
[EventRounds "2"]
[EventCountry "IRI"]
[WhiteClock "0:26:21"]
[BlackClock "0:24:25"]

1. e4 e5 2. Nf3 Nc6 3. Bb5 a6 4. Ba4 Nf6 5. O-O b5 6. Bb3 Be7 7. Re1 d6 8. h3
Na5 9. d3 O-O 10. Bg5 h6 11. Be3 Nxb3 12. axb3 c5 13. Nc3 Bb7 14. Ne2 Kh7 15.
Ng3 g6 16. c3 Re8 17. b4 Qc7 18. bxc5 dxc5 19. b4 Rad8 20. Bxc5 Bxc5 21. bxc5
Nd7 22. d4 Nxc5 23. Rc1 Nd7 24. Qb3 Kg7 25. c4 exd4 26. Nxd4 Nc5 27. Qc3 Qe5
28. Red1 Kg8 29. cxb5 Nxe4 30. Nxe4 Qxe4 31. f3 Qe5 32. bxa6 Bxa6 33. Ra1 Re6
34. f4 Qf6 35. f5 Red6 36. fxg6 Qxg6 37. Ra3 Bb7 38. Qb2 Qe4 39. Rg3+ Kh7 40.
Rf1 f6 41. Nf5 Rd1 42. Kh2 Rxf1 43. Rg7+ Kh8 44. Qxf6 Qxf5 45. Qxh6+ 1-0

[Event "2nd BEHIN BAZAFARIN-Tehran"]
[Site "Tehran"]
[Date "2014.11.19"]
[Round "5.3"]
[White "Javanbakht, Nima"]
[Black "Alavi, Sayed Javad"]
[Result "1-0"]
[WhiteElo "2379"]
[BlackElo "2458"]
[Annotator "www.Chessboard.ir"]
[PlyCount "81"]
[EventDate "2014.??.??"]
[EventRounds "2"]
[EventCountry "IRI"]
[WhiteClock "0:49:34"]
[BlackClock "0:30:55"]

1. d4 Nf6 2. c4 e6 3. Nf3 d5 4. Bg5 Be7 5. Nc3 O-O 6. e3 Nbd7 7. cxd5 exd5 8.
Bd3 Re8 9. Qc2 c6 10. h3 Nf8 11. O-O Ng6 12. Bxf6 Bxf6 13. b4 a6 14. a4 Bd7 15.
b5 a5 16. bxc6 bxc6 17. Rab1 Rb8 18. Rxb8 Qxb8 19. Rb1 Qd6 20. Bf5 Bd8 21. Bxd7
Qxd7 22. Ne2 f6 23. Nc1 Bc7 24. Nd3 Ne7 25. Qc3 Ra8 26. Nc5 Qc8 27. Nd2 Bd6 28.
Ndb3 Qc7 29. Nc1 Bxc5 30. Qxc5 Kf7 31. Nd3 Ra6 32. e4 Qd7 33. e5 Ng6 34. Qc3
Ra7 35. Nc5 Qc7 36. e6+ Ke7 37. g3 f5 38. Qf3 f4 39. h4 Kf6 40. Qg4 h6 41. Nd7+
1-0

[Event "2nd BEHIN BAZAFARIN-Tehran"]
[Site "Tehran"]
[Date "2014.11.19"]
[Round "5.4"]
[White "Darban, Morteza"]
[Black "Amonatov, Farrukh"]
[Result "1/2-1/2"]
[WhiteElo "2335"]
[BlackElo "2608"]
[Annotator "www.Chessboard.ir"]
[PlyCount "70"]
[EventDate "2014.??.??"]
[EventRounds "2"]
[EventCountry "IRI"]
[WhiteClock "0:02:07"]
[BlackClock "0:03:35"]

1. e4 c5 2. Nf3 d6 3. Nc3 a6 4. g3 Nf6 5. Bg2 Nc6 6. O-O e6 7. d3 Be7 8. Bf4 e5
9. Bd2 O-O 10. h3 b5 11. a3 Rb8 12. Nh2 c4 13. Ng4 Nxg4 14. hxg4 Be6 15. Nd5
Qd7 16. g5 Bd8 17. Be3 Ne7 18. Nxe7+ Bxe7 19. d4 f6 20. dxe5 fxe5 21. Qd2 Qc6
22. c3 a5 23. f4 Bg4 24. Kh2 Rbd8 25. Rf2 exf4 26. gxf4 d5 27. Qc2 Qg6 28. Kg3
Bc8 29. Rd1 Qe6 30. Kh2 Qg4 31. Rdd2 Qh4+ 32. Kg1 Qg3 33. Rde2 dxe4 34. Qxe4
Rfe8 35. Bd4 Qd3 1/2-1/2